Гидравлика и гидравлические двигатели: лекции, читанные в Технологическом институте Императора Николая I

গ্রন্থ-পঞ্জীর বিবরন
প্রধান লেখক: Самусь А. М.
ভাষা:রুশ
প্রকাশিত: СПб., Издание К. Л. Риккера, 1908
সংস্করন:2-е изд., испр. и доп.
বিষয়গুলি:
বিন্যাস: MixedMaterials গ্রন্থ
KOHA link:https://koha.lib.tpu.ru/cgi-bin/koha/opac-detail.pl?biblionumber=227156

MARC

LEADER 00000nam0a2200000 4500
001 227156
005 20231101230759.0
035 |a (RuTPU)RU\TPU\book\247561 
090 |a 227156 
100 |a 20121203d1908 m y0rusy50 ca 
101 0 |a rus 
102 |a RU 
105 |a a j 001zy 
200 1 |a Гидравлика и гидравлические двигатели  |e лекции, читанные в Технологическом институте Императора Николая I  |f А. М. Самусь 
205 |a 2-е изд., испр. и доп. 
210 |a СПб.  |c Издание К. Л. Риккера  |d 1908 
215 |a 321 с.  |c ил. 
606 1 |a Гидравлика  |2 stltpush  |3 (RuTPU)RU\TPU\subj\6462  |9 34344 
606 1 |a Гидравлические двигатели  |2 stltpush  |3 (RuTPU)RU\TPU\subj\6476  |9 34355 
610 1 |a гидравлика 
610 1 |a гидравлические двигатели 
610 1 |a гидростатика 
610 1 |a гидродинамика 
610 1 |a турбины 
610 1 |a расчеты 
610 1 |a гидравлические колеса 
610 1 |a лекции 
610 1 |a учебные пособия 
675 |a 532(07)  |v 3 
675 |a 621.225(07)  |v 3 
700 1 |a Самусь  |b А. М. 
801 1 |a RU  |b 63413507  |c 20121203 
801 2 |a RU  |b 63413507  |c 20130215  |g RCR 
942 |c BK